Electronic circuits student handbook / (Record no. 60962)
[ view plain ]
| 000 -LEADER | |
|---|---|
| fixed length control field | 00977nam a2200277 a 4500 |
| 001 - CONTROL NUMBER | |
| control field | 2574654 |
| 003 - CONTROL NUMBER IDENTIFIER | |
| control field | NUST-PNEC |
| 005 - DATE AND TIME OF LATEST TRANSACTION | |
| control field | 20170116180711.0 |
| 008 - FIXED-LENGTH DATA ELEMENTS--GENERAL INFORMATION | |
| fixed length control field | 951120s1995 enka 001 0 eng d |
| 010 ## - LIBRARY OF CONGRESS CONTROL NUMBER | |
| LC control number | 95236661 |
| 020 ## - INTERNATIONAL STANDARD BOOK NUMBER | |
| International Standard Book Number | 0750621184 |
| 035 ## - SYSTEM CONTROL NUMBER | |
| System control number | (OCoLC)33598362 |
| 040 ## - CATALOGING SOURCE | |
| Transcribing agency | PNEC |
| 042 ## - AUTHENTICATION CODE | |
| Authentication code | lccopycat |
| 050 04 - LIBRARY OF CONGRESS CALL NUMBER | |
| Classification number | TK7867 |
| Item number | .T6583 1995 |
| 082 00 - DEWEY DECIMAL CLASSIFICATION NUMBER | |
| Classification number | 621.38153 TOO |
| 100 1# - MAIN ENTRY--PERSONAL NAME | |
| Personal name | Tooley, Michael H. |
| 245 10 - TITLE STATEMENT | |
| Title | Electronic circuits student handbook / |
| Statement of responsibility, etc. | Michael Tooley. |
| 260 ## - PUBLICATION, DISTRIBUTION, ETC. | |
| Place of publication, distribution, etc. | Oxford ; |
| -- | Boston : |
| Name of publisher, distributor, etc. | Butterworth-Heinemann, |
| Date of publication, distribution, etc. | 1995. |
| 300 ## - PHYSICAL DESCRIPTION | |
| Extent | 213 p. : |
| Other physical details | ill. ; |
| Dimensions | 25 cm. |
| 500 ## - GENERAL NOTE | |
| General note | Includes index http://www.amazon.com/Electronic-Circuits-Technological-Certificates-University/dp/0750621184/ref=sr_1_1?s=books&ie=UTF8&qid=1412921921&sr=1-1&keywords=0750621184 |
| 650 #0 - SUBJECT ADDED ENTRY--TOPICAL TERM | |
| Topical term or geographic name entry element | Electronic circuits |
| General subdivision | EL, EE |
| 906 ## - LOCAL DATA ELEMENT F, LDF (RLIN) | |
| a | 7 |
| b | cbc |
| c | copycat |
| d | 3 |
| e | ncip |
| f | 19 |
| g | y-gencatlg |
| 942 ## - ADDED ENTRY ELEMENTS (KOHA) | |
| Source of classification or shelving scheme | |
| Koha item type | Book |
| Withdrawn status | Lost status | Source of classification or shelving scheme | Damaged status | Not for loan | Permanent Location | Current Location | Shelving location | Date acquired | Source of acquisition | Cost, normal purchase price | Total Checkouts | Full call number | Barcode | Date last seen | Cost, replacement price | Price effective from | Koha item type |
|---|---|---|---|---|---|---|---|---|---|---|---|---|---|---|---|---|---|
| Pakistan Navy Engineering College (PNEC) | Pakistan Navy Engineering College (PNEC) | Reference | 05/13/1997 | Pak Book Corporation | 1291.99 | 621.38153 TOO | PNECLIB-019194 | 10/10/2014 | 1291.99 | 05/13/1997 | Book |
